Longer arm of the law (Record no. 82584)

MARC details
000 -LEADER
fixed length control field 00762cab a22002055a 4500
001 - CONTROL NUMBER
control field L150634
008 - FIXED-LENGTH DATA ELEMENTS--GENERAL INFORMATION
fixed length control field 100805s20100506xxkd f 000 0 eng d
035 ## - SYSTEM CONTROL NUMBER
System control number (Sirsi) u150634
041 0# - LANGUAGE CODE
Language code of text/sound track or separate title eng
100 1# - MAIN ENTRY--PERSONAL NAME
Personal name Petros, Eleni
245 00 - TITLE STATEMENT
Title Longer arm of the law
260 ## - PUBLICATION, DISTRIBUTION, ETC.
Date of publication, distribution, etc. 2010
490 #0 - SERIES STATEMENT
Series statement New Civil Engineer
Volume/sequential designation 6 May 2010, 30-31(2)
520 ## - SUMMARY, ETC.
Summary, etc. Discusses the Bribery Act 2010 and how it affects organisations operating in the UK and overseas. Looks at the issue of facilitation payments and emphasises the need for firms to take legal advice if they work in markets where this is commonplace.
590 ## - LOCAL NOTE (RLIN)
Local note KA
650 24 - SUBJECT ADDED ENTRY--TOPICAL TERM
Topical term or geographic name entry element BRIBERY ACT 2010
651 #4 - SUBJECT ADDED ENTRY--GEOGRAPHIC NAME
Geographic name United Kingdom
Chronological subdivision
690 ## - LOCAL SUBJECT ADDED ENTRY--TOPICAL TERM (OCLC, RLIN)
Topical term or geographic name as entry element MANAGEMENT-BUSINESS MANAGEMENT-PROFESSIONAL PRACTICE
942 ## - ADDED ENTRY ELEMENTS (KOHA)
Suppress in OPAC 0
Holdings
Withdrawn status Lost status Source of classification or shelving scheme Damaged status Not for loan Home library Current library Shelving location Date acquired Total Checkouts Full call number Barcode Date last seen Copy number Price effective from Koha item type
    Dewey Decimal Classification     London London Journal article 05/08/2010   L150634 150634-2001 06/08/2019 1 06/08/2019 Journal article